Mark-Up Session [on Commerce, Justice, State, the Judiciary, and Related Agencies FY84 Appropriations Bill].

Contains transcript of Committee markup session on bill to make FY84 appropriations for the Departments of Commerce, Justice, and State, the Judiciary, and related agencies. Amended bill was favorably reported.

Bibliographic Details
Format: eBook
Language:English
Published: [Washington : U.S. G.P.O.], 1983.
Subjects:
Online Access:Electronic resource (PDF)

MARC

Tag First Indicator Second Indicator Subfields
LEADER 00000cam a22000001i 4500
001 in00004134039
005 20200117091047.0
006 m d f
007 cr bn mmmapmmp
008 091109s1983 dcu o f000 0 eng d
035 |a cis2007529672 
040 |a UMI  |b eng  |e rda  |c UMI  |d UtOrBLW 
110 1 |a United States.  |b Congress.  |b Senate.  |b Committee on Appropriations,  |e issuing body.  |0 http://id.loc.gov/authorities/names/n79056405 
245 1 0 |a Mark-Up Session [on Commerce, Justice, State, the Judiciary, and Related Agencies FY84 Appropriations Bill]. 
264 1 |a [Washington :  |b U.S. G.P.O.],  |c 1983. 
300 |a 31 pages, digital, PDF file. 
336 |a text  |2 rdacontent  |b txt 
337 |a computer  |b c  |2 rdamedia 
338 |a online resource  |2 rdacarrier  |b cr 
500 |a Record is based on bibliographic data in ProQuest Congressional Hearings Digital Collection (last viewed July 2018) Reuse except for individual research requires license from ProQuest, LLC. 
520 |a Contains transcript of Committee markup session on bill to make FY84 appropriations for the Departments of Commerce, Justice, and State, the Judiciary, and related agencies. Amended bill was favorably reported. 
538 |a System requirements: PDF reader software. 
500 |a Electronic resource. 
610 1 0 |a United States.  |b Department of Commerce.  |0 http://id.loc.gov/authorities/names/n79071034 
610 1 0 |a United States.  |b Department of State.  |0 http://id.loc.gov/authorities/names/n80126198 
610 1 0 |a United States.  |b Department of Justice.  |0 http://id.loc.gov/authorities/names/n79038419 
730 0 |a ProQuest U.S. Congressional Hearings Digital Collection. 
776 0 8 |a United States. Congress. Senate. Committee on Appropriations  |t Mark-Up Session [on Commerce, Justice, State, the Judiciary, and Related Agencies FY84 Appropriations Bill].  |o 98 SAp-T.20 
856 4 0 |u http://proxy.library.tamu.edu/login?url=http://congressional.proquest.com/congcomp/getdoc?HEARING-ID=HRG-1983-SAP-0056  |y Electronic resource (PDF)  |t 0 
999 f f |s e47b5291-38bc-3f3e-8850-55776396dc7a  |i f9c5fc52-19fc-342c-a2d5-46a295ed3849  |t 0 
952 f f |a Texas A&M University  |b College Station  |c Electronic Resources  |d Available Online  |t 0  |h No information provided 
998 f f |t 0  |l Available Online